Score 0/20 Timer 08:00
0 Plays Today
Proposal State % Correct
This US territory recently voted for statehood.Puerto Rico
89.3%
After the Spanish-American War this Caribbean island was considered for statehood.Cuba
87.5%
The people of this federal district, housing the US government, voted for statehood several times. District of Columbia
84.3%
Shortly after World War II, the U.S. Congress considered offering statehood to this Nordic island.Iceland
84.2%
Several times has the largest US city attempted to become a state.New York City
83.5%
One US senator thought it would be a good idea to reunite with the US's former colonizer and add its neighbor.United Kingdom & Ireland
83.1%
After World War II the US offered to buy this island, but Denmark wasn't selling.Greenland
82.8%
Several proposals were named for the third US president. Most recently in Northern California and Southern Oregon.Jefferson
79.3%
Michigan's Upper Peninsula would have joined with parts of Wisconsin in this proposal named after one of the Great Lakes.Superior
78%
Dracula would have felt right at home in this proposed state, which would have included much of modern day Kentucky and Tennessee.Transylvania
77%
Proposal State % Correct
At the end of World War II there was a large movement that proposed independence from Italy and have their island join the US.Sicily
75.1%
Issues with representation in the state legislature almost led the third largest city in the US to form its own state.Chicago
74.8%
The sixteenth US president had several proposals named after him. A 1907 proposal would have included parts of Washington and Idaho.Lincoln
73.8%
Secession by this New York island has been proposed several times, as recent as 2008.Long Island
71.8%
Angered by unjust taxation, a Beantown representative filed a bill to secede this city.Boston
70.4%
This founding father, nicknamed 'the First American', briefly had an unrecognized state named after him.Franklin
65.8%
Arizona and New Mexico would have joined the US together in this proposed state named after an Aztec emperor.Montezuma
44.3%
Established from the Indian Territory in Oklahoma, this state would have been named after the inventor of the Cherokee syllabary. A type of redwood tree was also named after him.Sequoyah
38.6%
The US's popularity in this Southeastern European country almost led to a referendum on statehood.Albania
35.1%
William Walker briefly held this Northwestern Mexican state, before he was chased out of the country.Sonora
33.6%
Remove Ads.
Support Sporcle.
Get the best of Sporcle when you Go Orange. This ad-free experience offers more features, more stats, and more fun while also helping to support Sporcle. Thank you for becoming a member.

You're not logged in!

Compare scores with friends on all Sporcle quizzes.
OR
Log In

Show Comments

Extras

Top Quizzes Today


Score Distribution

Your Account Isn't Verified!

In order to create a playlist on Sporcle, you need to verify the email address you used during registration. Go to your Sporcle Settings to finish the process.

Report this User

Report this user for behavior that violates our Community Guidelines.

Details: